Sports Quiz

Random Sports Quiz

Boxers who have fought both Mayweather and Pacquaio Quiz Stats

Quiz not verified by Sporcle

Challenge
Share
Tweet
Embed
Score 0/5 Timer 01:00
0 Plays Today
Hint Answer % Correct
Ricky Hatton
87%
Miguel Cotto
79.4%
Oscar Del La Hoya
76.3%
Juan Marquez
74.8%
Shane Mosley
59.5%

You're not logged in!

Compare scores with friends on all Sporcle quizzes.
Sign Up with Email
OR
Log In

You Might Also Like...

Show Comments

Extras

Top Quizzes Today


Score Distribution

Your Account Isn't Verified!

In order to create a playlist on Sporcle, you need to verify the email address you used during registration. Go to your Sporcle Settings to finish the process.